Macroeconomics / (Record no. 48000)

MARC details
000 -LEADER
fixed length control field 00549nam a22001697a 4500
008 - FIXED-LENGTH DATA ELEMENTS--GENERAL INFORMATION
fixed length control field 170119b xxu||||| |||| 00| 0 eng d
020 ## - INTERNATIONAL STANDARD BOOK NUMBER
International Standard Book Number 9780131860339
050 ## - LIBRARY OF CONGRESS CALL NUMBER
Classification number HB172.5
Item number .B57 2006
100 ## - MAIN ENTRY--PERSONAL NAME
Personal name Blanchard, Olivier(Olivier J.)
245 ## - TITLE STATEMENT
Title Macroeconomics /
Statement of responsibility, etc Olivier Blanchard
250 ## - EDITION STATEMENT
Edition statement 4th ed
260 ## - PUBLICATION, DISTRIBUTION, ETC. (IMPRINT)
Place of publication, distribution, etc Upper Saddle River, N.J. :
Name of publisher, distributor, etc Pearson Prentice Hall,
Date of publication, distribution, etc 2006
300 ## - PHYSICAL DESCRIPTION
Extent vi, 440 p. :
Other physical details ill. (some col.) ;
Dimensions 26 cm
500 ## - GENERAL NOTE
General note Includes bibliographical references and index
650 ## - SUBJECT ADDED ENTRY--TOPICAL TERM
Topical term or geographic name as entry element Macroeconomics
942 ## - ADDED ENTRY ELEMENTS (KOHA)
Source of classification or shelving scheme Library of Congress Classification
Item type Book
Holdings
Withdrawn status Lost status Source of classification or shelving scheme Damaged status Not for loan Collection code Home library Current library Shelving location Date acquired Source of acquisition Cost, normal purchase price Total Checkouts Full call number Barcode Date last borrowed Copy number Price effective from Koha item type Total Renewals
    Library of Congress Classification     Non-fiction Nairobi Campus Nairobi Campus General Circulation 19/01/2017 Donation-BFA 1000.00 4 HB172.5 .B57 2006 049520 24/02/2020 1 19/01/2017 Book  
    Library of Congress Classification     Non-fiction Nairobi Campus Nairobi Campus General Circulation 28/03/2017 Donations- BFA 500.00 3 HB172.5 .B57 2006 052252 16/04/2019 2 28/03/2017 Book 1